| 000 | 01202nam a22003497a 4500 | ||
|---|---|---|---|
| 003 | CHAP | ||
| 005 | 20220329141314.0 | ||
| 008 | 971010s1979 r 00010 d | ||
| 010 | _a66134 | ||
| 011 | _a67106 | ||
| 035 | _a76377 | ||
| 040 | _cCHAP | ||
| 090 | _aTesis | ||
| 100 | 0 | 0 |
_aFranco Durán, Jorge Enrique. _942954 |
| 245 | _aExperimentos de Griffing para cruzas dialélicas en bloques incompletos balanceados | ||
| 260 |
_aChapingo, Méx. : _bEl autor, _c1979 |
||
| 300 | _a79 h. | ||
| 502 | _aTesis (M.C. Esp. en Estadística Experimental) -- C.P. Centro de Estadística y Cálculo | ||
| 590 |
_aALEPH _b10 _c20130110 _lUCH01 _h1400 |
||
| 590 |
_aBATCH-UPD _b10 _c20130110 _lUCH01 _h1507 |
||
| 590 |
_aBATCH-UPD _b10 _c20130410 _lUCH01 _h0926 |
||
| 590 |
_aBATCH-UPD _b10 _c20130914 _lUCH01 _h1206 |
||
| 590 |
_aCONVERSION _b10 _c20130109 _lUCH01 _h1336 |
||
| 650 | 1 | 4 |
_aDiseños experimentales. _932735 |
| 650 | 1 | 4 |
_aGenética _xModelos matemáticos. _947479 |
| 901 | _aBK | ||
| 942 | _cFOLL | ||
| 949 |
_bBC _cTES _d-142390 _eTS1 _i76377 _si |
||
| 949 |
_bBC _cTES _d-142392 _eTS2 _fc.3 _i76377 _si |
||
| 949 |
_bS _cTESBD _d-26459 _eTS1 _i76377 _si |
||
| 949 |
_bZA _cTESBD _d-9406 _eTS1 _h298 _i76377 _si |
||
| 999 |
_c66134 _d66134 |
||